Nommez un pays d'Europe A-Z - Statistiques

Statistiques générales
  • Ce quiz a été pris 1 218 fois
    215 depuis la dernière actualisation
  • Le résultat moyen est 16 sur 18
Statistiques - réponses
Lettre Pays % Correct
A Albanie | Allemagne | Andorre | Autriche
99%
B Belgique | Biélorussie | Bosnie-Herzégovine | Bulgarie
99%
F Finlande | France
98%
D Danemark
97%
E Espagne | Estonie
97%
I Irlande | Islande | Italie
94%
L Lettonie | Liechtenstein | Lituanie | Luxembourg
94%
C Croatie
91%
M Macédoine du Nord | Malte | Moldavie | Monaco | Monténégro
91%
P Pays Bas | Pologne | Portugal
91%
S Saint Marin | Serbie | Slovaquie | Slovenie | Suède | Suisse
90%
H Hongrie
89%
R République Tchèque | Roumanie | Royaume-Uni | Russie
89%
K Kosovo
84%
V Vatican
82%
G Grèce
80%
U Ukraine
75%
N Norvège
73%
Aucun quiz correspondant
Distribution des résultats
% des personnes avec chaque résultat
Percentile par nombre de réponses
Votre historique - résultats
Vous n’avez pas pris ce quiz depuis la dernière actualisation